000 01235cad a22002415a 4500
001 E148082
008 090722s2009 xxu f 000 0 eng d
035 _a(Sirsi) u148082
041 0 _aeng
050 0 4 _a332.642 $2 18
100 1 _aPatel, Jaimala
245 0 0 _aAmericas infrastructure update 2009
_h[electronic resource]
260 _aNew York
_bRREEF
_c2009
505 2 _aIntroduction -- Overview of market fundamentals -- Performance of infrastructure investments -- Market spotlight -- Regional opportunities -- Conclusion
520 _aReports that infrastructure is facing a challenging time in the Americas, however the situation should improve due to the various economic stimulus packages which have been announced, and which include elements for infrastructure development and reinvestment. New legislation aimed at encouraging more public-private partnerships, and the fact that more infrastructure managers are entering the market, should also benefit the sector.
521 _aAdvanced
590 _aKA
651 4 _aUnited States
_y1959-
651 4 _aSouth America
690 _aPROPERTY-INFRASTRUCTURE
856 4 0 _uhttps://www.rreef.com
_zView the report free of charge at www.rreef.com...
942 _n0
999 _c109874
_d109874